[Event "Schwaebische EM Masters"]
[Site "Augsburg"]
[Date "2023.05.19"]
[Round "4"]
[White "Gode, Gero"]
[Black "Martin, Rudolf"]
[Result "1-0"]
[WhiteElo "1825"]
[BlackElo "1858"]
[EventDate "2021.05.18"]

1.e4 d5 2.exd5 Qxd5 3.Nf3 Bg4 4.Nc3 Qa5 5.d4 e6 6.Bb5+ c6 7.Bd3 Nf6 8.O-O 
Qc7 9.h3 Bh5 10.Qe2 Nbd7 11.Ne4 Nxe4 12.Bxe4 O-O-O 13.g4 Bg6 14.Bxg6 hxg6 
15.Kg2 Nf6 16.c4 Nxg4 17.hxg4 Rxd4 18.Nxd4 Qh2+ 19.Kf3 Qh3+ 20.Ke4 f5+ 21.
Nxf5 exf5+ 22.Kd4 c5+ 23.Ke5 Qh4 24.Qd1 Qf6+ 25.Kf4 Bd6+ 26.Ke3 Rd8 27.Qb3
Qd4+ 28.Ke2 Qxg4+ 29.f3 Re8+ 30.Kd1 Qd4+ 31.Kc2 a5 32.a4 f4 33.Qd3 Qf6 34.
Bd2 Rd8 35.Qe4 Bc7 36.Bc3 Qf7 37.Rfe1 Kb8 38.Rad1 Rc8 39.Qe6 Qf8 40.Rd7 
Qh8 41.Be5 Bxe5 42.Qxe5+ Ka7 43.Qd5 Rc6 1-0

[Event "Schwaebische EM Masters"]
[Site "Augsburg"]
[Date "2023.05.19"]
[Round "4"]
[White "Kamenskyi, Dmytro"]
[Black "Lang, Zalan Andreas"]
[Result "0-1"]
[WhiteElo "2007"]
[BlackElo "2210"]
[EventDate "2021.05.18"]

1.e4 d6 2.d4 Nf6 3.Nc3 g6 4.Be3 Bg7 5.Qd2 c6 6.f3 Qa5 7.g4 h5 8.g5 Nfd7 9.
Nge2 b5 10.Kf2 O-O 11.Nf4 e5 12.Nfe2 exd4 13.Nxd4 Ne5 14.h4 f6 15.Kg2 fxg5
16.Bxg5 Qc7 17.Be2 Qf7 18.Raf1 Bb7 19.f4 Nc4 20.Bxc4 Qxc4 21.Nde2 b4 22.
Nd1 Qxe4+ 23.Kg3 c5 24.Rhg1 Nc6 25.Nf2 Qe6 26.c3 Rae8 27.Re1 Qe3+ 28.Qxe3 
Rxe3+ 29.Kh2 Rfe8 0-1

[Event "Schwaebische EM Masters"]
[Site "Augsburg"]
[Date "2023.05.19"]
[Round "4"]
[White "Lederle, Vitus"]
[Black "Luhn, Robert"]
[Result "1/2-1/2"]
[WhiteElo "2213"]
[BlackElo "1937"]
[EventDate "2021.05.18"]

1.e4 c5 2.Nf3 d6 3.Bb5+ Bd7 4.Bxd7+ Qxd7 5.c4 Nf6 6.d3 Nc6 7.Nc3 g6 8.O-O 
Bg7 9.h3 O-O 10.Be3 a6 11.Qd2 Rfb8 12.Rfe1 b5 13.b3 b4 14.Nd5 a5 15.Nxf6+ 
Bxf6 16.d4 Qa7 17.Rad1 Rd8 18.Re2 a4 19.d5 axb3 20.axb3 Bc3 21.Qc2 Ne5 22.
Nd2 Qa2 23.Nb1 Qxc2 24.Rxc2 Ba1 25.f4 Nd7 26.Kf2 Ra5 27.Bc1 f5 28.exf5 
gxf5 29.Re1 Bf6 30.Kf3 h5 31.Bb2 Kf7 32.Rce2 Bxb2 33.Rxb2 Nf6 34.Rbe2 Ra7 
35.Nd2 Rg8 36.g3 Rga8 37.Re3 1/2-1/2

[Event "Schwaebische EM Masters"]
[Site "Augsburg"]
[Date "2023.05.19"]
[Round "4"]
[White "Lapin, Oleg"]
[Black "Vuong, Anh-Tu"]
[Result "0-1"]
[WhiteElo "1854"]
[BlackElo "1967"]
[EventDate "2021.05.18"]

1.e4 c5 2.Ne2 Nf6 3.Nbc3 d6 4.d3 Nc6 5.g3 g6 6.Bg2 Bg7 7.O-O Rb8 8.a4 a6 
9.f4 O-O 10.h3 b5 11.axb5 axb5 12.e5 dxe5 13.Bxc6 Bxh3 14.Rf2 b4 15.Ne4 
Ng4 16.Rf3 c4 17.Nf2 Qb6 18.Be4 f5 19.Bd5+ Kh8 20.fxe5 Nxe5 21.Re3 Ng4 22.
Nxg4 fxg4 23.Bg2 cxd3 24.cxd3 Bh6 25.Nf4 e5 26.Nd5 Qd4 27.Qe2 Bxg2 28.Qxg2
Rf3 29.Qe2 Rbf8 30.Ra5 Rxg3+ 31.Kh1 Rff3 32.b3 Bxe3 33.Bxe3 Rxe3 34.Nxe3 
Rxe3 35.Qf1 Rh3+ 36.Kg2 Qb2+ 0-1

[Event "Schwaebische EM Masters"]
[Site "Augsburg"]
[Date "2023.05.19"]
[Round "4"]
[White "Soroka, Vladimir"]
[Black "Blodig, Vincent"]
[Result "0-1"]
[WhiteElo "1859"]
[BlackElo "1580"]
[EventDate "2021.05.18"]

1.c4 e5 2.Nc3 Bb4 3.Nf3 Bxc3 4.bxc3 d6 5.d4 Nc6 6.e3 Nf6 7.Ba3 Qe7 8.Be2 
O-O 9.O-O Nd7 10.Nd2 b6 11.Bf3 Bb7 12.Qa4 Ndb8 13.Rae1 Na5 14.Bxb7 Nxb7 
15.f4 c5 16.fxe5 dxe5 17.Rf5 Nd7 18.Qc6 Nd6 19.Rf2 Rac8 20.Qd5 exd4 21.
cxd4 Nf6 22.Qe5 Rfe8 23.Qxe7 Rxe7 24.d5 Nfe4 25.Rc1 Rce8 26.Nxe4 Rxe4 27.
Rc3 Rxe3 28.Rxe3 Rxe3 29.Bc1 Re1+ 30.Rf1 Rxf1+ 31.Kxf1 Nxc4 32.Bf4 Kf8 33.
Ke2 Ke7 34.Kd3 Nd6 35.Be5 f6 36.Bf4 Kd7 37.h4 a6 38.g4 Nc8 39.Kc4 Ne7 40.
h5 Ng8 41.a4 Nh6 42.g5 Nf7 43.gxf6 gxf6 44.Bh2 Ne5+ 45.Kc3 Kd6 0-1

[Event "Schwaebische EM Masters"]
[Site "Augsburg"]
[Date "2023.05.20"]
[Round "5"]
[White "Luhn, Robert"]
[Black "Kamenskyi, Dmytro"]
[Result "1/2-1/2"]
[WhiteElo "1937"]
[BlackElo "2007"]
[EventDate "2021.05.18"]

1.d4 e6 2.Nf3 Nf6 3.c4 d5 4.Nc3 Nbd7 5.Bg5 c6 6.e3 Qa5 7.Nd2 dxc4 8.Bxf6 
Nxf6 9.Nxc4 Qc7 10.Be2 Be7 11.O-O O-O 12.Rc1 Rd8 13.Ne5 Bd7 14.f4 Be8 15.
Qb3 Qb6 16.Bf3 Nd5 17.Nxd5 exd5 18.g4 Bd6 19.Nd3 Rd7 20.Qxb6 axb6 21.a3 
Re7 22.Kf2 f6 23.h4 h5 24.gxh5 Bd7 25.Rc3 Kf7 26.Nc1 Ree8 27.Ne2 b5 28.Rg1
Rh8 29.Rb3 Ra4 30.Nc3 Raa8 31.Ne2 Bf5 32.Ng3 Be6 33.Ra1 Ra4 34.Rc1 Rha8 
35.Rg1 Rh8 36.Rc1 Bc8 37.Be2 Bd7 38.Bd3 Bg4 39.Bg6+ Ke6 40.Rbc3 f5 41.Rg1 
Be7 42.Rh1 b4 43.Rb3 Rha8 44.axb4 Rxb4 45.Rxb4 Bxb4 46.Ne2 Ra2 47.Rb1 Bd2 
48.Ng1 Bc3 49.Nf3 Rxb2+ 50.Rxb2 Bxb2 51.Ne5 Bd1 52.Be8 Ke7 53.Bd7 Bc2 54.
Bc8 c5 55.dxc5 d4 56.Nc4 dxe3+ 57.Nxe3 Bd4 58.Bxb7 Bxc5 59.Kf3 Bd3 1/2-1/2

[Event "Schwaebische EM Masters"]
[Site "Augsburg"]
[Date "2023.05.20"]
[Round "5"]
[White "Blodig, Vincent"]
[Black "Krug, Norbert"]
[Result "1/2-1/2"]
[WhiteElo "1580"]
[BlackElo "2190"]
[EventDate "2021.05.18"]

1.e4 c5 2.Nf3 Nc6 3.d4 cxd4 4.Nxd4 e5 5.Nb5 d6 6.N1c3 a6 7.Na3 Be7 8.Nc4 
Be6 9.Ne3 Rc8 10.Be2 Nd4 11.O-O Nf6 12.f3 h6 13.Rf2 b5 14.Bf1 Qb6 15.a4 
O-O 16.Qd3 Rb8 17.Ne2 Nxe2+ 18.Bxe2 Rfc8 19.c3 Qc6 20.axb5 axb5 21.Ra5 Bc4
22.Qc2 Bd8 23.Ra3 Bb6 24.Kh1 Be6 25.Ra6 Ra8 26.Rxa8 Rxa8 27.Rf1 g6 28.Qd3 
Bxe3 29.Bxe3 Bc4 30.Qd2 Bxe2 31.Qxe2 g5 32.h4 Nh5 33.Qf2 Kg7 34.hxg5 hxg5 
35.Bxg5 Qc4 36.Kg1 f6 37.Be3 Kf7 38.Qd2 Ng3 39.Rd1 Ra6 40.Qd5+ Qxd5 41.
Rxd5 Ra1+ 42.Kf2 Nh1+ 43.Ke2 Ng3+ 44.Kd3 Rd1+ 45.Kc2 Rxd5 46.exd5 Nf5 47.
Kd3 Nh4 48.c4 bxc4+ 49.Kxc4 Nxg2 50.Bf2 Ke7 51.b4 Kd7 52.b5 Kc7 53.Kd3 f5 
54.Kc4 Kb7 55.Kd3 Nf4+ 56.Kc4 Nh3 57.Bh4 Ng1 58.Be7 Kc7 59.f4 exf4 60.b6+ 
Kxb6 61.Bxd6 Nh3 62.Bc5+ Kc7 63.Kd4 f3 64.Ke5 f4 65.Ke4 f2 66.Bxf2 Nxf2+ 
67.Kxf4 Kd6 68.Ke3 1/2-1/2

[Event "Schwaebische EM Masters"]
[Site "Augsburg"]
[Date "2023.05.20"]
[Round "5"]
[White "Reitemann, Jonathan"]
[Black "Kraemer, Max"]
[Result "0-1"]
[WhiteElo "1916"]
[BlackElo "2024"]
[EventDate "2021.05.18"]

1.e4 e5 2.Nf3 Nc6 3.Bc4 Nf6 4.d3 Bc5 5.c3 a6 6.a4 Ba7 7.O-O d6 8.a5 Ne7 9.
Nbd2 O-O 10.Re1 Ng6 11.Nf1 Re8 12.Qb3 Qe7 13.Be3 c6 14.Bxa7 Rxa7 15.Ne3 
Nf4 16.g3 Ne6 17.h4 g6 18.Kg2 Ra8 19.Qa2 h6 20.b4 Nc7 21.Rad1 Be6 22.Bxe6 
Qxe6 23.Nc4 Nb5 24.Qa1 Nh5 25.Nb6 Rad8 26.c4 Nc7 27.Nh2 d5 28.Qc3 d4 29.
Qc1 Kg7 30.Na4 Qe7 31.Nc5 Ne6 32.Qa3 g5 33.Nxe6+ Qxe6 34.hxg5 hxg5 35.f3 
Rh8 36.Ng4 Nf6 37.Qc1 Kg6 38.Nf2 Rh5 39.Rh1 Rdh8 40.Rxh5 Rxh5 41.Qd2 Ng8 
42.Rh1 Rxh1 43.Nxh1 g4 44.Nf2 gxf3+ 45.Kxf3 Nh6 46.g4 Qf6+ 47.Kg3 Qg5 48.
Qe2 Qf4+ 49.Kg2 f6 50.Qf3 Qxf3+ 51.Kxf3 Nf7 52.c5 Ng5+ 53.Kg3 Ne6 54.Nh3 
Nc7 55.Kh4 Nb5 56.g5 Na3 57.gxf6 Kxf6 58.Ng5 Nc2 59.Nh7+ Kg7 60.Ng5 Nxb4 
61.Ne6+ Kf6 62.Nd8 Nxd3 63.Nxb7 Nf2 64.Kg3 Nxe4+ 65.Kf3 Kf5 66.Ke2 Ke6 0-1

[Event "Schwaebische EM Masters"]
[Site "Augsburg"]
[Date "2023.05.20"]
[Round "5"]
[White "Lang, Zalan Andreas"]
[Black "Lederle, Vitus"]
[Result "1-0"]
[WhiteElo "2210"]
[BlackElo "2213"]
[EventDate "2021.05.18"]

1.d4 d5 2.Bf4 c5 3.e3 Nf6 4.c3 e6 5.Nd2 cxd4 6.exd4 Nc6 7.Bd3 Bd6 8.Bxd6 
Qxd6 9.Ngf3 O-O 10.O-O b6 11.Qe2 Bb7 12.Ne5 Ne7 13.f4 Rae8 14.Rf3 Qc7 15.
Rh3 g6 16.Qf2 Kg7 17.g4 Rh8 18.Qe2 h5 19.g5 Nd7 20.Ndf3 Nxe5 21.Nxe5 Nf5 
22.Bxf5 exf5 23.Re3 Re6 24.Re1 Rhe8 25.h4 Qc8 26.Kf2 Qc7 27.Kf3 Qc8 28.Qb5
R8e7 29.Kf2 Qc7 30.a3 Ba8 31.Kf3 Bb7 32.Qe2 Re8 33.Kg3 Qe7 34.Kf3 Qc7 35.
Qd3 Qc8 36.Ra1 Ba6 37.Qc2 Bb7 38.Rae1 Qc7 39.Qa4 Ba8 40.Qd7 R8e7 41.Qxc7 
Rxc7 42.Nd3 Re4 43.Nf2 Rxe3+ 44.Rxe3 Bc6 45.Re5 Bb5 46.Nd1 Bd3 47.Ne3 Rd7 
48.Kf2 Be4 49.Re8 Bd3 50.Ke1 Be4 51.Nf1 f6 52.gxf6+ Kxf6 53.Nd2 Re7 54.
Rxe7 Kxe7 55.Kf2 a5 56.Ke3 a4 57.Nf1 Kd6 58.Kd2 Kc6 59.Ne3 Bf3 60.c4 dxc4 
61.Nxc4 Kd5 62.Ne5 Kxd4 63.Nxf3+ Ke4 64.Ne5 Kxf4 65.Nxg6+ Kf3 66.Kd3 f4 
67.Ne5+ Kg3 68.Ke4 b5 69.Nf3 Kg4 70.Ng1 b4 71.axb4 a3 72.bxa3 Kxh4 73.Kf3 
1-0

[Event "Schwaebische EM Masters"]
[Site "Augsburg"]
[Date "2023.05.20"]
[Round "5"]
[White "Martin, Rudolf"]
[Black "Lapin, Oleg"]
[Result "0-1"]
[WhiteElo "1858"]
[BlackElo "1854"]
[EventDate "2021.05.18"]

1.e4 c5 2.d4 cxd4 3.c3 dxc3 4.Nxc3 e6 5.Bc4 a6 6.Nf3 b5 7.Bb3 Bb7 8.Qe2 
Ne7 9.O-O Nbc6 10.Rd1 Rc8 11.Bf4 Ng6 12.Bg3 Na5 13.Bc2 h5 14.h3 h4 15.Bh2 
Nc4 16.Bb3 Be7 17.Rac1 Qb6 18.a4 Na5 19.Bc2 b4 20.Nb1 Rh5 21.e5 Nf8 22.
Nbd2 g5 23.Ne4 Bxe4 24.Bxe4 Rxc1 25.Rxc1 Kd8 26.Bd3 Nb3 27.Rd1 Nc5 28.Bc4 
Rh8 29.b3 Rg8 30.Nd2 Qc6 31.Nf3 Ng6 32.Nd4 Qb7 33.Qg4 Ke8 34.Nf3 f5 35.Qd4
Kf7 36.Nxg5+ Bxg5 37.Qxc5 Be7 38.Qe3 Nxe5 39.Bd5 Nc6 40.Bf3 Bg5 41.Bf4 Bf6
42.Bd6 Kg6 43.Qe2 Kh7 44.Rc1 Nd4 0-1

[Event "Schwaebische EM Masters"]
[Site "Augsburg"]
[Date "2023.05.20"]
[Round "5"]
[White "Vuong, Anh-Tu"]
[Black "Reimann, Matthias"]
[Result "1-0"]
[WhiteElo "1967"]
[BlackElo "2085"]
[EventDate "2021.05.18"]

1.d4 Nf6 2.c4 e6 3.g3 d5 4.Bg2 Bb4+ 5.Nd2 O-O 6.Nf3 dxc4 7.Qc2 a6 8.a4 c5 
9.dxc5 Bxc5 10.O-O Nc6 11.Nxc4 Qe7 12.Nfe5 Nb4 13.Qb3 Nfd5 14.Nd3 Nxd3 15.
Qxd3 Bd7 16.Ne5 Rfd8 17.Nxd7 Rxd7 18.Qb3 Rad8 19.Bd2 b6 20.a5 b5 21.Rac1 
e5 22.Bh3 Rc7 23.Rfd1 e4 24.Be1 Nf6 25.Rxc5 Rxc5 26.Bb4 Rxd1+ 27.Qxd1 g6 
28.Qd4 Rc1+ 29.Kg2 Qb7 30.Qxf6 e3+ 31.f3 Qd5 32.Bc3 Kf8 33.Qh8+ Ke7 34.
Bf6+ Kd6 35.Qf8+ Kc7 36.Qc8+ Kd6 37.Qxc1 Qd2 38.Qf1 Qxa5 39.Bc3 b4 40.Qd1+
1-0

[Event "Schwaebische EM Masters"]
[Site "Augsburg"]
[Date "2023.05.20"]
[Round "5"]
[White "Soroka, Vladimir"]
[Black "Hornung, Hans Dr."]
[Result "0-1"]
[WhiteElo "1859"]
[BlackElo "2066"]
[EventDate "2021.05.18"]

1.c4 Nf6 2.Nc3 c5 3.Nf3 e6 4.d4 cxd4 5.Nxd4 Bb4 6.Bd2 Nc6 7.e3 O-O 8.g3 d5
9.cxd5 Nxd4 10.exd4 exd5 11.Bg2 Re8+ 12.Be3 Ne4 13.Bxe4 dxe4 14.O-O Bh3 
15.Re1 Qd7 16.Qh5 Bg4 17.Qg5 h6 18.Qh4 Be7 0-1

[Event "Schwaebische EM Masters"]
[Site "Augsburg"]
[Date "2021.05.20"]
[Round "6"]
[White "Kraemer, Max"]
[Black "Lang, Zalan Andreas"]
[Result "0-1"]
[WhiteElo "2024"]
[BlackElo "2210"]
[EventDate "2021.05.18"]

1.Nf3 Nf6 2.b3 d6 3.d4 g6 4.e3 Bg7 5.Be2 O-O 6.O-O Nc6 7.Nbd2 e5 8.dxe5 
Ng4 9.Bb2 Ngxe5 10.Nxe5 Nxe5 11.Rb1 d5 12.c4 Bf5 13.e4 dxe4 14.g4 e3 15.
gxf5 exd2 16.f4 Ng4 17.Bxg4 Bxb2 18.Kh1 Bc3 19.Qf3 Qd4 20.fxg6 hxg6 21.f5 
Rae8 22.fxg6 fxg6 23.Be6+ Kg7 24.Qd5 c6 25.Qxd4+ Bxd4 26.Rxf8 Kxf8 27.Rf1+
Kg7 28.Bg4 Re1 29.Kg2 Be5 30.h3 a5 31.Bd1 b6 32.a4 c5 33.Bc2 g5 34.Bd1 Bf4
35.Bh5 Kf6 36.h4 Rxf1 37.Kxf1 gxh4 38.Bg4 Ke5 0-1

[Event "Schwaebische EM Masters"]
[Site "Augsburg"]
[Date "2023.05.20"]
[Round "6"]
[White "Hornung, Hans Dr."]
[Black "Lapin, Oleg"]
[Result "1/2-1/2"]
[WhiteElo "2066"]
[BlackElo "1854"]
[EventDate "2021.05.18"]

1.e4 c5 2.Nf3 Nc6 3.Bb5 e6 4.Bxc6 bxc6 5.d3 a5 6.O-O d5 7.Qe2 Nf6 8.e5 Nd7
9.c4 Ba6 10.Nc3 Nb6 11.b3 Be7 12.Bf4 h6 13.Rad1 Qc7 14.h4 O-O-O 15.Na4 
Nxa4 16.bxa4 Kd7 17.Rb1 Rb8 18.Qc2 Rxb1 19.Rxb1 Rb8 20.Rxb8 Qxb8 21.Qb3 
Qxb3 22.axb3 Bd8 23.h5 Bc8 24.Bd2 Ke7 25.g4 Kf8 26.Kg2 Kg8 27.Kg3 Bc7 28.
Kh4 Bd8+ 29.Kh3 Bd7 30.Ng1 Kh7 31.f4 f6 32.Nf3 Be8 33.Nh4 Bc7 34.Be1 Bf7 
35.Bg3 Bd8 1/2-1/2

[Event "Schwaebische EM Masters"]
[Site "Augsburg"]
[Date "2023.05.20"]
[Round "6"]
[White "Kamenskyi, Dmytro"]
[Black "Reitemann, Jonathan"]
[Result "1-0"]
[WhiteElo "2007"]
[BlackElo "1916"]
[EventDate "2021.05.18"]

1.Nf3 Nf6 2.g3 d5 3.Bg2 e6 4.O-O Be7 5.d3 c5 6.Nbd2 Nc6 7.e4 Qc7 8.Re1 O-O
9.e5 Nd7 10.Qe2 b5 11.Nf1 a5 12.Bf4 Ba6 13.h4 Rfc8 14.Ne3 Nd4 15.Nxd4 cxd4
16.Nxd5 exd5 17.e6 Bd6 18.exd7 Qxd7 19.Bxd5 Rab8 20.Bxd6 Qxd6 21.Qf3 Rf8 
22.Be4 Rbc8 23.Re2 Qb4 24.Rb1 Rc7 25.Qf5 g6 26.Qf6 Bb7 27.Qb6 Re7 28.a3 
Qa4 29.Qc5 1-0

[Event "Schwaebische EM Masters"]
[Site "Augsburg"]
[Date "2023.05.20"]
[Round "6"]
[White "Krug, Norbert"]
[Black "Luhn, Robert"]
[Result "1/2-1/2"]
[WhiteElo "2190"]
[BlackElo "1937"]
[EventDate "2021.05.18"]

1.d4 d5 2.Nf3 Nf6 3.c4 c6 4.Nc3 e6 5.Bg5 dxc4 6.e4 b5 7.Be2 Be7 8.O-O O-O 
9.a4 Ba6 10.axb5 cxb5 11.Qb1 h6 12.Bxf6 Bxf6 13.e5 Be7 14.Qe4 Qb6 15.Qf4 
Bb7 16.Ne4 Rd8 17.Nf6+ Kh8 18.Ng5 Rf8 19.Bh5 hxg5 20.Qxg5 Nd7 21.Ra3 Bxf6 
22.exf6 Nxf6 23.Rg3 Nxh5 24.Qxh5+ Kg8 25.Rxg7+ 1/2-1/2

[Event "Schwaebische EM Masters"]
[Site "Augsburg"]
[Date "2023.05.20"]
[Round "6"]
[White "Gode, Gero"]
[Black "Blodig, Vincent"]
[Result "1-0"]
[WhiteElo "1825"]
[BlackElo "1580"]
[EventDate "2021.05.18"]

1.Nf3 d5 2.e3 Nf6 3.c4 e6 4.Nc3 a6 5.b3 c5 6.Bb2 Nc6 7.cxd5 exd5 8.d4 Bg4 
9.Be2 cxd4 10.Nxd4 Bxe2 11.Ndxe2 Bd6 12.O-O O-O 13.Ng3 Rc8 14.Nf5 Bb8 15.
Qf3 Ne5 16.Qg3 Neg4 17.f4 Qd7 18.Nxd5 Rc6 19.Bxf6 h5 20.Bxg7 Re8 21.Nde7+ 
Rxe7 22.Nxe7+ Qxe7 23.Bd4 Rg6 24.Rac1 Bc7 25.Qf3 Qh4 26.h3 Bd8 27.Rc5 Kh7 
28.Qd5 Nh6 29.Qxh5 Qg3 30.Qf3 Qh4 31.Rh5 Qe7 32.g4 f6 33.Rc1 Kg7 34.f5 Qa3
35.Rc2 Qb4 36.Bc3 Qc5 37.fxg6 1-0

[Event "Schwaebische EM Masters"]
[Site "Augsburg"]
[Date "2023.05.20"]
[Round "6"]
[White "Martin, Rudolf"]
[Black "Soroka, Vladimir"]
[Result "0-1"]
[WhiteElo "1858"]
[BlackElo "1859"]
[EventDate "2021.05.18"]

1.e4 Nf6 2.e5 Nd5 3.Nf3 Nc6 4.d4 d6 5.c4 Nb6 6.d5 Nxe5 7.Nxe5 dxe5 8.Nc3 
e6 9.Qh5 Qf6 10.Nb5 Bb4+ 11.Kd1 O-O 12.Be3 c6 13.Nxa7 Rxa7 14.Bxb6 Ra8 15.
Bd3 g6 16.Qe2 exd5 17.cxd5 cxd5 18.Be3 e4 19.Bb5 d4 20.Bh6 d3 21.Qxe4 Qxb2
22.Rc1 Bf5 23.Qf3 d2 24.Rc4 Qb1+ 25.Ke2 Qe1+ 0-1

[Event "Schwaebische EM Masters"]
[Site "Augsburg"]
[Date "2023.05.20"]
[Round "6"]
[White "Lederle, Vitus"]
[Black "Vuong, Anh-Tu"]
[Result "1/2-1/2"]
[WhiteElo "2213"]
[BlackElo "1967"]
[EventDate "2021.05.18"]

1.e4 c5 2.Nc3 g6 3.Nf3 Bg7 4.d4 cxd4 5.Nxd4 d6 6.g3 Nf6 7.Bg2 O-O 8.O-O 
Nc6 9.Nde2 Rb8 10.a4 a6 11.h3 b5 12.axb5 axb5 13.Nd5 Nxd5 14.exd5 Ne5 15.
Be3 Nc4 16.Bd4 Nxb2 17.Qd2 Nc4 18.Qb4 Bd7 19.Bxg7 Kxg7 1/2-1/2

[Event "Schwaebische EM Masters"]
[Site "Augsburg"]
[Date "2023.05.20"]
[Round "6"]
[White "Kamenskyi, Dmytro"]
[Black "Kraemer, Max"]
[Result "1/2-1/2"]
[WhiteElo "2007"]
[BlackElo "2024"]
[EventDate "2021.05.18"]

1.e4 e5 2.Nf3 Nc6 3.Nc3 Nf6 4.Bb5 Bc5 5.O-O O-O 6.Bxc6 dxc6 7.d3 Bd6 8.Ne2
Re8 9.Ng3 c5 10.b3 b5 11.a4 c6 12.h3 c4 13.dxc4 bxc4 14.bxc4 Ba6 15.Qe2 
Qa5 16.Be3 Bc5 17.Rfd1 h6 18.Nd2 Bxe3 19.Qxe3 Rad8 20.Nf5 Bc8 21.Ng3 Be6 
22.Ne2 Rd7 23.Qc3 Qxc3 24.Nxc3 Red8 25.Nf3 Rxd1+ 26.Rxd1 Rxd1+ 27.Nxd1 
Nxe4 28.Nxe5 c5 29.Ne3 Nd2 30.f3 Kf8 31.Kf2 f6 32.Nd3 Nxc4 33.Nxc5 Bf7 34.
Nxc4 Bxc4 35.h4 g5 36.hxg5 fxg5 37.g4 Ke7 38.Ke3 Kd6 39.Ne4+ Ke5 40.Nc3 a5
41.Nd1 Bf7 42.Nb2 Kd5 43.c4+ Kc5 44.Nd3+ Kd6 45.Kd4 Be8 46.Ne5 Bxa4 47.
Nf7+ Ke6 48.Nxh6 Bd1 49.c5 Bxf3 50.Kc4 Be2+ 51.Kb3 Bd1+ 52.Kc4 a4 53.Kb4 
Kd5 54.Nf7 Bxg4 55.Nxg5 1/2-1/2

[Event "Schwaebische EM Masters"]
[Site "Augsburg"]
[Date "2023.05.21"]
[Round "7"]
[White "Lederle, Vitus"]
[Black "Gode, Gero"]
[Result "1-0"]
[WhiteElo "2213"]
[BlackElo "1825"]
[EventDate "2021.05.18"]

1.e4 c6 2.d4 d5 3.Nc3 dxe4 4.Nxe4 Nf6 5.Nxf6+ exf6 6.c3 Bd6 7.Bd3 O-O 8.
Qc2 Re8+ 9.Ne2 g6 10.Be3 b5 11.O-O f5 12.Rfe1 Nd7 13.Qd2 Qc7 14.g3 Bb7 15.
f3 a6 16.b4 Nb6 17.Bf4 Nd5 18.Bh6 Nf6 19.Bxf5 c5 20.bxc5 Qc6 21.Rf1 Bxc5 
22.dxc5 Rxe2 23.Qxe2 Qxc5+ 24.Qe3 Qxf5 25.Rae1 Bc6 26.Qe5 Rd8 27.Qxf5 gxf5
28.Rd1 Nd5 29.Rfe1 Rd6 30.Bf4 Rg6 31.Be5 f4 32.Kf2 Rh6 33.Rh1 Rh3 34.Bd4 
f6 35.Kg2 Rh5 36.g4 Rg5 37.Kf2 Kf7 38.Rc1 Rg8 39.Rhe1 h5 40.h3 Rh8 41.Rh1 
a5 42.a3 hxg4 43.hxg4 Rxh1 44.Rxh1 a4 45.Rc1 Ke6 46.Rh1 Kf7 47.Rh6 Be8 48.
Ke2 Kg7 49.g5 Bg6 50.Rh4 Kf7 51.Bxf6 Ke6 52.Rh8 Nxf6 53.gxf6 Kxf6 54.Rb8 
Bf7 55.Kd3 Bc4+ 56.Ke4 Kg5 57.Rf8 Kh4 58.Kxf4 Kh3 59.Ke5 Kg3 60.f4 Kf3 61.
Kd4 Ke2 62.f5 Kd2 63.f6 Kc2 64.Rb8 Bb3 65.Rxb5 Kb2 66.f7 Kxa3 67.f8=Q+ Ka2
68.Qb4 Ka1 69.Qxb3 a3 70.Qxa3# 1-0

[Event "Schwaebische EM Masters"]
[Site "Augsburg"]
[Date "2023.05.21"]
[Round "7"]
[White "Reitemann, Jonathan"]
[Black "Martin, Rudolf"]
[Result "1-0"]
[WhiteElo "1916"]
[BlackElo "1858"]
[EventDate "2021.05.18"]

1.e4 d5 2.exd5 Qxd5 3.Nc3 Qa5 4.Nf3 c6 5.d4 Bg4 6.h3 Bh5 7.g4 Bg6 8.Ne5 
Nf6 9.Nc4 Qc7 10.Bg2 e6 11.Qf3 Nd5 12.O-O Nd7 13.b3 N7f6 14.Nxd5 Nxd5 15.
c3 Rd8 16.Ne5 Bd6 17.c4 Nf6 18.Bb2 Be4 19.Qe3 Bxg2 20.Kxg2 O-O 21.Rad1 b6 
22.f4 c5 23.Qf3 cxd4 24.Bxd4 Rc8 25.Rf2 Rfd8 26.Rfd2 Bc5 27.Bxc5 Rxd2+ 28.
Rxd2 Qxc5 29.Qb7 Rf8 30.Qf3 Qb4 31.Qd1 h6 32.Rd8 Rxd8 33.Qxd8+ Kh7 34.Nxf7
Ng8 35.Qd3+ g6 36.Ne5 Ne7 37.Qd7 Qa3 38.Kg3 Qc5 39.Nf3 h5 40.Qxe6 h4+ 41.
Kxh4 Qf2+ 42.Kg5 Qxf3 43.Qxe7+ Kg8 44.Qe8+ Kg7 45.Qd7+ 1-0

[Event "Schwaebische EM Masters"]
[Site "Augsburg"]
[Date "2023.05.21"]
[Round "7"]
[White "Blodig, Vincent"]
[Black "Hornung, Hans Dr."]
[Result "0-1"]
[WhiteElo "1580"]
[BlackElo "2066"]
[EventDate "2021.05.18"]

1.e4 d5 2.exd5 Nf6 3.c4 e6 4.d4 exd5 5.Nc3 Bb4 6.Be3 O-O 7.a3 Bxc3+ 8.bxc3
Nc6 9.Bd3 dxc4 10.Bxc4 Nd5 11.Bd2 Re8+ 12.Ne2 Bf5 13.O-O Na5 14.Ba2 Bd3 
15.Re1 Bc4 16.Qa4 Bxa2 17.Rxa2 Nc6 18.Raa1 Nb6 19.Qb5 a6 20.Qh5 Qd5 21.Qg4
Qd7 22.Qxd7 Nxd7 23.Nf4 Nf6 24.f3 Na5 25.Nd3 Nc4 26.Rxe8+ Rxe8 27.Be1 b6 
28.Bg3 Nd5 29.Nb4 Nxc3 30.Nxa6 c6 31.Nb4 Ne2+ 32.Kf2 Nxd4 33.Rc1 b5 34.a4 
Re2+ 35.Kg1 Rb2 36.Rd1 Ne2+ 37.Kh1 h5 38.Nd3 Ra2 39.axb5 cxb5 40.Ne5 Nxg3+
41.hxg3 Nxe5 42.Rd5 Ng6 43.Rxb5 h4 44.gxh4 Nxh4 45.Rg5 f6 46.Rg4 Nf5 47.
Kg1 Kf7 48.Re4 g5 49.Rg4 Ne3 50.Rg3 Re2 51.Kh1 Re1+ 52.Kh2 Nf1+ 53.Kh3 
Nxg3 54.Kxg3 Re2 0-1

[Event "Schwaebische EM Masters"]
[Site "Augsburg"]
[Date "2023.05.21"]
[Round "7"]
[White "Lapin, Oleg"]
[Black "Soroka, Vladimir"]
[Result "1-0"]
[WhiteElo "1854"]
[BlackElo "1859"]
[EventDate "2021.05.18"]

1.e4 Nf6 2.e5 Nd5 3.c4 Nb6 4.d4 d6 5.f4 dxe5 6.c5 Nd5 7.fxe5 Nc6 8.Bb5 g6 
9.Nf3 Bg7 10.O-O O-O 11.Nc3 Bg4 12.Bxc6 bxc6 13.h3 Bxf3 14.Rxf3 Nxc3 15.
bxc3 Bxe5 16.Qa4 Bf6 17.Qxc6 Bxd4+ 18.Kh1 Bf6 19.Bf4 e5 20.Bg3 Bg7 21.Rb1 
Rb8 22.Rb7 Rxb7 23.Qxb7 Qb8 24.Qd5 Qe8 25.c6 Qe7 26.Bf2 Rd8 27.Qb3 e4 28.
Re3 Bh6 29.Re2 e3 30.Bg3 Qe4 31.Bxc7 Rd2 32.Qb8+ Bf8 33.Qb5 Rxe2 34.Qxe2 
Bc5 35.Ba5 Qxc6 36.c4 Qe4 37.Bc3 Bd6 38.Kg1 Bg3 39.Qd1 Qe7 40.Qd4 f6 41.
Qg4 Bf2+ 42.Kf1 Kg7 43.Ke2 Qc7 44.Qd4 Qe7 45.c5 Kf7 46.c6 Bg3 47.Qxe3 Bc7 
48.Bd4 a6 49.Bc5 Qe6 50.Kd3 Qxc6 51.Qe7+ 1-0

[Event "Schwaebische EM Masters"]
[Site "Augsburg"]
[Date "2023.05.21"]
[Round "7"]
[White "Vuong, Anh-Tu"]
[Black "Krug, Norbert"]
[Result "0-1"]
[WhiteElo "1967"]
[BlackElo "2190"]
[EventDate "2021.05.18"]

1.d4 Nf6 2.c4 d6 3.Nf3 Nbd7 4.Nc3 e5 5.g3 g6 6.Bg2 Bg7 7.O-O O-O 8.e4 Re8 
9.h3 a6 10.Re1 Rb8 11.a4 a5 12.Be3 b6 13.d5 Nc5 14.Qc2 Qe7 15.Rab1 Na6 16.
Na2 Bd7 17.b4 axb4 18.Nxb4 Nxb4 19.Rxb4 Ra8 20.Ra1 Ra7 21.a5 Rea8 22.Ne1 
Rxa5 23.Rxa5 Rxa5 24.Qb2 Qf8 25.Nc2 Bh6 26.f4 Qe7 27.fxe5 Bxe3+ 28.Nxe3 
dxe5 29.Kh2 h5 30.Nc2 h4 31.g4 Bxg4 32.hxg4 Nxg4+ 33.Kh1 Qg5 34.Ne1 Qf4 
35.Nf3 h3 0-1

[Event "Schwaebische EM Masters"]
[Site "Augsburg"]
[Date "2021.05.21"]
[Round "7"]
[White "Lang, Zalan Andreas"]
[Black "Luhn, Robert"]
[Result "1/2-1/2"]
[WhiteElo "2210"]
[BlackElo "1937"]
[EventDate "2021.05.18"]

1.d4 d5 2.c3 Nf6 3.Bf4 e6 4.e3 Bd6 5.Bg3 O-O 6.Bd3 b6 7.Qe2 Bb7 8.Nf3 c5 
9.Nbd2 Ne4 10.Bxd6 Qxd6 11.O-O 1/2-1/2